000 00669nam a2200229 i 4500
001 000030795
003 DO-SdBNP
005 20250421112937.0
007 ta
008 110530s2020 dr ac 000 spa d
040 _aDO-SdBNP
_bspa
_cBNPHU
_erda
082 4 _axxx
_bxxx
_222
245 0 0 _aMedalla al Mérito de la Mujer Dominicna 2020
264 1 _aSanto Domingo :
_bMinisterio de la Mujer
_c2020.
300 _a64 páginas :
_bilustraciones, retratos ;
_c21 cm.
336 _atexto
_btxt
_2rdacontent
337 _asin mediación
_bn
_2rdamedia
338 _avolumen
_bnc
_2rdacarrier
590 _aInventariado, 2025/BT
910 _aBtavárez
942 _2ddc
_cLBS1
999 _c30287
_d30287